20 ensimmäistä alkuainetta - Äkkikuolema - Statistics

Yleistilastot
  • Tätä visaa on pelattu 1 594 kertaa
  • Keskiarvotulos 8 / 20
Answers on the Grid
Answers color-coded by a green-red scale on the quiz's grid according to % correct below.
Alumiini
Argon
Beryllium
Boori
Fluori
Fosfori
Happi
Helium
Hiili
Jodi
Kalium
Kalsium
Kloori
Krypton
Kulta
Kupari
Litium
Lyijy
Magnesium
Natrium
Neon
Nikkeli
Palladium
Pii
Radium
Rauta
Rikki
Typpi
Uraani
Vety
 
Vastaustilastot
Vastaus % Oikein
Hiili
70%
Happi
67%
Helium
62%
Alumiini
55%
Vety
52%
Fluori
48%
Boori
46%
Typpi
45%
Fosfori
41%
Kalium
40%
Argon
37%
Kalsium
34%
Natrium
33%
Kloori
31%
Litium
29%
Rikki
28%
Beryllium
27%
Magnesium
24%
Neon
24%
Pii
19%
Ehtoja vastaavia visoja ei löytynyt
Tulosjakauma
Jokaisen tuloksen saaneiden osuus
Persentiili vastausten määrän mukaan
Tuloshistoriasi
Et ole pelannut tätä visaa